[Event "Oberliga Nord N 0304"]
[Site "Germany"]
[Date "2004.04.25"]
[Round "9.2"]
[White "Prosch, Carsten"]
[Black "Feuerstack, Aljoscha"]
[Result "1-0"]
[WhiteElo "2236"]
[BlackElo "2142"]
[PlyCount "77"]
[EventDate "2003.10.12"]
[EventType "team-tourn"]
[EventRounds "9"]
[EventCountry "GER"]
[SourceTitle "EXT 2005"]
[Source "ChessBase"]
[SourceDate "2004.11.15"]
[SourceVersion "1"]
[SourceVersionDate "2004.11.15"]
[SourceQuality "1"]
[WhiteTeam "Schwerin"]
[BlackTeam "Kiel Meerbauer"]
[WhiteTeamCountry "GER"]
[BlackTeamCountry "GER"]

1. d4 Nf6 2. Nf3 c5 3. g3 cxd4 4. Nxd4 e5 5. Nb3 d5 6. Bg2 Nc6 7. Bg5 Be6 8. Nc3 d4 9. Ne4 Bb4+ 10. c3 dxc3 11. Nxc3 h6 12. Bxf6 Qxf6 13. 0-0 Rd8 14. Qc1 0-0 15. Qe3 Nd4 16. Ne4 Qe7 17. Nxd4 exd4 18. Qd3 Bf5 19. Qf3 Bg6 20. a3 Ba5 21. b4 Bb6 22. g4 f5 23. gxf5 Rxf5 24. Qb3+ Kh7 25. Ng3 Rf4 26. Rae1 h5 27. e3 dxe3 28. fxe3 Rd3 29. Qxd3 Bxd3 30. Rxf4 h4 31. Nf5 Qg5 32. Rxh4+ Kg6 33. Rh3 Qxf5 34. Kh1 Be4 35. Rg3+ Kh6 36. Rg1 g5 37. h3 Bxg2+ 38. R3xg2 Bc7 39. e4 1-0

[Event "Oberliga Nord N 0304"]
[Site "Germany"]
[Date "2004.02.19"]
[Round "6.2"]
[White "Hein, Andreas"]
[Black "Prosch, Carsten"]
[Result "1/2-1/2"]
[WhiteElo "2231"]
[BlackElo "2236"]
[PlyCount "103"]
[EventDate "2003.10.12"]
[EventType "team-tourn"]
[EventRounds "9"]
[EventCountry "GER"]
[SourceTitle "EXT 2005"]
[Source "ChessBase"]
[SourceDate "2004.11.15"]
[SourceVersion "1"]
[SourceVersionDate "2004.11.15"]
[SourceQuality "1"]
[WhiteTeam "Luebeck III"]
[BlackTeam "Schwerin"]
[WhiteTeamCountry "GER"]
[BlackTeamCountry "GER"]

1. d4 Nf6 2. Nf3 g6 3. Bg5 Bg7 4. Nbd2 d5 5. e3 0-0 6. Be2 c5 7. 0-0 b6 8. c3 Nbd7 9. h3 Bb7 10. Qc2 Qe8 11. Bf4 Nh5 12. Bh2 f5 13. Ne5 Nhf6 14. Bb5 a6 15. Bxd7 Nxd7 16. Nxd7 Qxd7 17. Nf3 Qe6 18. Qd2 Bc6 19. Be5 Be8 20. Ng5 Qc6 21. Bxg7 Kxg7 22. f4 c4 23. b3 Bf7 24. Nf3 Rfc8 25. Ne5 Qd6 26. b4 Be8 27. a4 a5 28. b5 Bd7 29. Rf3 Rh8 30. Rg3 Rag8 31. h4 Kf8 32. Qb2 Be8 33. Kf2 Rg7 34. Qa3 Rhg8 35. Rg5 h6 36. Rg3 Qf6 37. Nf3 Qd6 38. Qb2 Bf7 39. Rh1 Ke8 40. Qc2 Qe6 41. Ne5 Kd8 42. Qd1 Be8 43. Qf3 Qd6 44. Ke2 e6 45. Kd2 Qa3 46. Qd1 g5 47. hxg5 hxg5 48. fxg5 Rxg5 49. Rxg5 Rxg5 50. Rh2 Bh5 51. Nf3 Kc7 52. Qc1 1/2-1/2

[Event "Rostock  PSV op 03rd"]
[Site "Rostock"]
[Date "2003.08.30"]
[Round "5"]
[White "Prosch, Carsten"]
[Black "Wagner Michel, Annett"]
[Result "1/2-1/2"]
[WhiteElo "2236"]
[BlackElo "2145"]
[PlyCount "113"]
[EventDate "2003.08.28"]
[EventType "swiss"]
[EventRounds "7"]
[EventCountry "GER"]
[SourceTitle "EXT 2009"]
[Source "ChessBase"]
[SourceDate "2008.11.26"]
[SourceVersion "1"]
[SourceVersionDate "2008.11.26"]
[SourceQuality "1"]

1. Nf3 d5 2. g3 Nd7 3. d4 Ngf6 4. Bg2 b6 5. c4 e6 6. cxd5 exd5 7. Ne5 Bb4+ 8. Nc3 Ne4 9. 0-0 Bxc3 10. bxc3 Bb7 11. c4 0-0 12. cxd5 Bxd5 13. Qc2 Nxe5 14. dxe5 f5 15. exf6 Qxf6 16. Bb2 Qe7 17. f3 Nd6 18. e4 Bf7 19. Qc3 Be6 20. Rae1 c5 21. f4 Nb5 22. Qe5 Qf7 23. a4 Nd4 24. Bxd4 cxd4 25. Qxd4 Rfd8 26. Qb2 Rd3 27. f5 Bc4 28. Rf2 Rad8 29. Qc1 Bb3 30. Bf1 Rd1 31. Rxd1 Rxd1 32. Qc8+ Qf8 33. Qc3 Qf7 34. e5 Qc4 35. Qxc4+ Bxc4 36. Kg2 Bxf1+ 37. Rxf1 Rd5 38. e6 Kf8 39. Rf4 Ke7 40. g4 a6 41. g5 Rd8 42. Re4 b5 43. axb5 axb5 44. Kg3 Rb8 45. Rd4 Rb7 46. Rb4 g6 47. Kf4 Rb8 48. Ke5 gxf5 49. Kxf5 Rf8+ 50. Ke5 Rf2 51. Rh4 Re2+ 52. Kd5 Rd2+ 53. Kc5 Kxe6 54. Rh6+ Kf7 55. h4 Kg7 56. Kxb5 Rc2 57. Kb4 1/2-1/2

[Event "Rostock  PSV op 03rd"]
[Site "Rostock"]
[Date "2003.08.29"]
[Round "3"]
[White "Prosch, Carsten"]
[Black "Kutschke, Peter"]
[Result "1/2-1/2"]
[WhiteElo "2236"]
[BlackElo "2109"]
[PlyCount "136"]
[EventDate "2003.08.28"]
[EventType "swiss"]
[EventRounds "7"]
[EventCountry "GER"]
[SourceTitle "EXT 2009"]
[Source "ChessBase"]
[SourceDate "2008.11.26"]
[SourceVersion "1"]
[SourceVersionDate "2008.11.26"]
[SourceQuality "1"]

1. Nf3 d5 2. g3 Bf5 3. Bg2 h6 4. d3 c6 5. Nbd2 Nf6 6. 0-0 Nbd7 7. e3 e5 8. Qe2 Bd6 9. e4 Be6 10. b3 Qc7 11. Bb2 dxe4 12. dxe4 0-0-0 13. Nc4 Bxc4 14. Qxc4 Nb6 15. Qe2 Qe7 16. b4 Na4 17. Rab1 Nxb2 18. Rxb2 Nd7 19. b5 c5 20. Nd2 Bc7 21. a4 Nb6 22. Rb3 Qd6 23. Rd3 Qe6 24. a5 Rxd3 25. cxd3 Nd7 26. Nc4 b6 27. a6 g5 28. Rd1 h5 29. Qf3 h4 30. Qf5 g4 31. Qxe6 fxe6 32. f3 h3 33. Bh1 Nf6 34. Kf2 Rd8 35. Ke2 Rd4 36. Rf1 Rd8 37. Rf2 Rg8 38. Ne3 gxf3+ 39. Bxf3 Kd7 40. Kd2 Ke7 41. Be2 Nh7 42. Kc3 Ng5 43. Ng4 Rg6 44. Ne3 Rg8 45. Nc4 Rh8 46. Kd2 Rd8 47. Ke3 Rd4 48. Rf1 Rd8 49. g4 Rh8 50. Nd2 Bd8 51. Kf2 Rf8+ 52. Kg3 Rh8 53. Nc4 Bc7 54. Rf2 Rh7 55. Bf1 Rh8 56. Nd2 Bd8 57. Nf3 Kd6 58. Nxg5 Bxg5 59. Rf7 Bf4+ 60. Kf2 Bxh2 61. Bxh3 Rxh3 62. Kg2 Rh8 63. Rxa7 Bf4 64. Rb7 Rh2+ 65. Kg1 Ra2 66. Rxb6+ Ke7 67. Rb7+ Kf6 68. a7 c4 1/2-1/2

[Event "Rostock  PSV op 02nd"]
[Site "Rostock"]
[Date "2002.08.30"]
[Round "3"]
[White "Kutschke, Peter"]
[Black "Prosch, Carsten"]
[Result "0-1"]
[WhiteElo "2141"]
[BlackElo "2204"]
[PlyCount "144"]
[EventDate "2002.08.25"]
[EventType "swiss"]
[EventRounds "7"]
[EventCountry "GER"]
[SourceTitle "CBM 090 Extra"]
[Source "ChessBase"]
[SourceDate "2002.11.07"]
[SourceVersion "1"]
[SourceVersionDate "2002.11.07"]
[SourceQuality "1"]

1. e4 c6 2. c4 e5 3. Nc3 d6 4. Nf3 Nd7 5. d4 Ngf6 6. Be2 Be7 7. 0-0 0-0 8. h3 a6 9. a4 a5 10. Be3 Qc7 11. Nd2 Re8 12. Qc2 Nf8 13. d5 Ng6 14. Bd3 Nh5 15. Ne2 c5 16. Ng3 Nhf4 17. Nf5 Bf6 18. Rfe1 Qd8 19. Bf1 Ne7 20. Nxe7+ Qxe7 21. Kh2 g6 22. Nb1 Nh5 23. Qd2 Bg7 24. Nc3 f5 25. Bg5 Bf6 26. Bxf6 Qxf6 27. Nb5 Rf8 28. exf5 gxf5 29. Nc7 Rb8 30. Rad1 Ng7 31. f4 e4 32. Re3 Bd7 33. Nb5 Bxb5 34. cxb5 b6 35. Be2 Rbe8 36. g3 Re7 37. h4 Rc8 38. b3 Ne8 39. Bc4 Qg7 40. Be2 Nf6 41. Rg1 Kf7 42. Qd1 Rg8 43. Qd2 Ke8 44. Kh3 Kd8 45. Rd1 Kc7 46. Kh2 Kb7 47. Kh3 Rc8 48. Qc3 Rec7 49. Rd2 Qf7 50. Qc4 Qg8 51. Bd1 h5 52. Be2 Re7 53. Bd1 Ng4 54. Bxg4 Qxg4+ 55. Kh2 Qg7 56. Kh3 Qa1 57. Rde2 Qd4 58. Kh2 Rg7 59. Kh3 Rcg8 60. Kh2 Rg4 61. Kh3 Qd1 62. Rh2 Rxh4+ 63. Kg2 Rxf4 64. Qe2 Qxe2+ 65. Rxe2 h4 66. Rh3 Rfg4 67. Kh2 hxg3+ 68. Kh1 R8g7 69. Kg2 f4 70. Rxe4 f3+ 71. Kxf3 Rxe4 72. Kxe4 g2 0-1

[Event "Oberliga Nord N 9900"]
[Site "Germany"]
[Date "2000.??.??"]
[Round "?"]
[White "Kues, Jarl Hendrik"]
[Black "Prosch, Carsten"]
[Result "1/2-1/2"]
[WhiteElo "2215"]
[BlackElo "2093"]
[PlyCount "95"]
[EventDate "1999.10.??"]
[EventType "team"]
[EventRounds "9"]
[EventCountry "GER"]
[SourceTitle "EXT 2001"]
[Source "ChessBase"]
[SourceDate "2000.11.22"]
[SourceVersion "1"]
[SourceVersionDate "2000.11.22"]
[SourceQuality "1"]

1. e4 c6 2. Nc3 d5 3. f4 dxe4 4. Nxe4 Nd7 5. Nf3 Ngf6 6. Nf2 g6 7. g3 Bg7 8. Bg2 0-0 9. 0-0 Nd5 10. d4 b5 11. h3 Bb7 12. Kh2 c5 13. c3 Qb6 14. Ne5 Rad8 15. Nxd7 Rxd7 16. dxc5 Qxc5 17. Ne4 Qc7 18. Qe2 b4 19. cxb4 Nxb4 20. Be3 Ba6 21. Qf3 Bxf1 22. Rxf1 Nd3 23. f5 Ne5 24. Qf2 Nd3 25. Qf3 Qd8 26. Qg4 Ne5 27. Qh4 gxf5 28. Rxf5 Ng6 29. Qh5 e6 30. Rb5 a6 31. Rc5 Rd3 32. Bh6 Bxh6 33. Qxh6 f6 34. Rc6 Qb8 35. Rxa6 f5 36. Nf6+ Rxf6 37. Ra8 Qxa8 38. Bxa8 Rf8 39. Bg2 Rc8 40. g4 f4 41. h4 Rc2 42. h5 f3 43. hxg6 Rxg2+ 44. Kh3 Rd7 45. Qe3 Rgd2 46. Qxe6+ Kg7 47. gxh7 Kxh7 48. Qf5+ 1/2-1/2

[Event "Oberliga Nord N 9900"]
[Site "Germany"]
[Date "2000.??.??"]
[Round "?"]
[White "Plueg, Andreas"]
[Black "Prosch, Carsten"]
[Result "1-0"]
[WhiteElo "2357"]
[BlackElo "2093"]
[PlyCount "101"]
[EventDate "1999.10.??"]
[EventType "team"]
[EventRounds "9"]
[EventCountry "GER"]
[SourceTitle "EXT 2001"]
[Source "ChessBase"]
[SourceDate "2000.11.22"]
[SourceVersion "1"]
[SourceVersionDate "2000.11.22"]
[SourceQuality "1"]

1. c4 Nf6 2. Nc3 d5 3. cxd5 Nxd5 4. g3 Nxc3 5. bxc3 g6 6. Bg2 Bg7 7. Rb1 Nd7 8. Nf3 0-0 9. 0-0 Nb6 10. Qc2 Bd7 11. Nd4 c5 12. Nb5 Bf5 13. Be4 Bxe4 14. Qxe4 a6 15. Na3 Rb8 16. c4 Qc7 17. Bb2 Nc8 18. Bxg7 Kxg7 19. Rb3 Nd6 20. Qe5+ f6 21. Qb2 Rfd8 22. Rb1 Rd7 23. Rb6 Nb5 24. Rxb5 axb5 25. Nxb5 Qc6 26. d3 h5 27. Nc3 h4 28. Qb6 Qxb6 29. Rxb6 hxg3 30. hxg3 Rd6 31. Rb5 b6 32. g4 Ra8 33. a4 e6 34. Kg2 Ra5 35. Rb2 Ra6 36. g5 f5 37. Kg3 Rd4 38. f3 Rd7 39. Kf4 Kf7 40. Ke5 Rd8 41. Rb1 Rh8 42. Rb5 Rh1 43. a5 bxa5 44. Rb7+ Kf8 45. Na4 Rh2 46. Nxc5 Ra8 47. Kf6 e5 48. Nd7+ Kg8 49. Kxg6 a4 50. Nf6+ Kf8 51. Rf7# 1-0

[Event "Mecklenburg VP-ch"]
[Site "Germany"]
[Date "2000.??.??"]
[Round "9"]
[White "Priebe, Jan"]
[Black "Prosch, Carsten"]
[Result "1-0"]
[WhiteElo "2139"]
[BlackElo "2097"]
[PlyCount "93"]
[EventDate "2000.??.??"]
[EventType "swiss"]
[EventRounds "9"]
[EventCountry "GER"]
[SourceTitle "EXT 2001"]
[Source "ChessBase"]
[SourceDate "2000.11.22"]
[SourceVersion "1"]
[SourceVersionDate "2000.11.22"]
[SourceQuality "1"]

1. e4 c6 2. d4 d5 3. Nd2 dxe4 4. Nxe4 Nd7 5. Nf3 Ngf6 6. Nxf6+ Nxf6 7. Bc4 Bf5 8. Qe2 e6 9. Bg5 Be7 10. 0-0-0 0-0 11. Ne5 h6 12. Bh4 Nd7 13. Bxe7 Qxe7 14. Nxd7 Qxd7 15. g4 Bh7 16. h4 b5 17. Bd3 Bxd3 18. Qxd3 Qd5 19. Kb1 Rae8 20. Rhe1 f6 21. f4 a6 22. g5 Qf5 23. Qxf5 exf5 24. g6 Re4 25. Rxe4 fxe4 26. Kc1 Re8 27. d5 cxd5 28. Rxd5 Kf8 29. c3 e3 30. Kd1 Re4 31. Rd4 Rxd4+ 32. cxd4 f5 33. Ke2 Ke7 34. Kxe3 Kd6 35. h5 a5 36. a4 bxa4 37. Kd2 Kd5 38. Kd3 a3 39. bxa3 a4 40. Kc3 Ke4 41. Kc4 Kxf4 42. d5 Kg3 43. d6 f4 44. d7 f3 45. d8Q f2 46. Qd3+ Kg2 47. Kd5 1-0

[Event "Mecklenburg VP-ch"]
[Site "Germany"]
[Date "2000.??.??"]
[Round "6"]
[White "Prosch, Carsten"]
[Black "Teschke, Olaf"]
[Result "1/2-1/2"]
[WhiteElo "2097"]
[BlackElo "2191"]
[PlyCount "37"]
[EventDate "2000.??.??"]
[EventType "swiss"]
[EventRounds "9"]
[EventCountry "GER"]
[SourceTitle "EXT 2001"]
[Source "ChessBase"]
[SourceDate "2000.11.22"]
[SourceVersion "1"]
[SourceVersionDate "2000.11.22"]
[SourceQuality "1"]

1. b3 d5 2. Bb2 c5 3. Nf3 Nc6 4. e3 e6 5. c4 d4 6. d3 e5 7. Be2 Nf6 8. e4 Be7 9. 0-0 0-0 10. Ne1 Ne8 11. Bg4 f5 12. Bxf5 Bxf5 13. exf5 Rxf5 14. Nd2 Nd6 15. Ne4 Nxe4 16. dxe4 Rf7 17. Nd3 b6 18. Qe2 Qd6 19. Bc1 1/2-1/2

[Event "Mecklenburg VP-ch"]
[Site "Germany"]
[Date "2000.??.??"]
[Round "8"]
[White "Prosch, Carsten"]
[Black "Westphal, Wolfgang"]
[Result "1/2-1/2"]
[WhiteElo "2097"]
[BlackElo "2138"]
[PlyCount "66"]
[EventDate "2000.??.??"]
[EventType "swiss"]
[EventRounds "9"]
[EventCountry "GER"]
[SourceTitle "EXT 2001"]
[Source "ChessBase"]
[SourceDate "2000.11.22"]
[SourceVersion "1"]
[SourceVersionDate "2000.11.22"]
[SourceQuality "1"]

1. Nf3 e6 2. g3 Nf6 3. Bg2 d5 4. 0-0 Be7 5. d4 Nbd7 6. c4 c6 7. Qc2 0-0 8. Rd1 a5 9. b3 b5 10. a4 bxc4 11. bxc4 Ba6 12. c5 Ne4 13. Bb2 Qc7 14. Nc3 Nxc3 15. Bxc3 e5 16. Nxe5 Nxe5 17. dxe5 Bxc5 18. e4 d4 19. Bxd4 Bxd4 20. Rxd4 Qxe5 21. Rad1 Bb7 22. Rd7 Bc8 23. R7d6 Rb8 24. Qxc6 Be6 25. f4 Qb2 26. Qc7 Bg4 27. R1d2 Qb3 28. R6d3 Qb4 29. Qd6 Qxa4 30. Qxb8 Rxb8 31. Rd8+ Qe8 32. Rxe8+ Rxe8 33. e5 Be6 1/2-1/2

[Event "Mecklenburg VP-ch"]
[Site "Germany"]
[Date "2000.??.??"]
[Round "3"]
[White "Stern, Rene"]
[Black "Prosch, Carsten"]
[Result "1-0"]
[WhiteElo "2479"]
[BlackElo "2097"]
[PlyCount "65"]
[EventDate "2000.??.??"]
[EventType "swiss"]
[EventRounds "9"]
[EventCountry "GER"]
[SourceTitle "EXT 2001"]
[Source "ChessBase"]
[SourceDate "2000.11.22"]
[SourceVersion "1"]
[SourceVersionDate "2000.11.22"]
[SourceQuality "1"]

1. Nf3 Nf6 2. c4 g6 3. Nc3 d5 4. cxd5 Nxd5 5. e4 Nxc3 6. dxc3 Qxd1+ 7. Kxd1 f6 8. Be3 e5 9. Nd2 Be6 10. Bc4 Bxc4 11. Nxc4 a5 12. Kc2 Nd7 13. Rhd1 b5 14. Nd2 a4 15. b4 Rb8 16. a3 Nb6 17. Bxb6 Rxb6 18. Nf1 Bh6 19. Rd5 0-0 20. f3 Rbb8 21. Rad1 Rfc8 22. Kb2 c6 23. Rd6 c5 24. Rxf6 cxb4 25. cxb4 Rc7 26. Rfd6 Rbc8 27. Rd8+ Rxd8 28. Rxd8+ Kf7 29. Rd1 Ke6 30. Ng3 Be3 31. Ne2 Rc4 32. Rd5 Bd4+ 33. Kb1 1-0

[Event "Oberliga Nord N 9899"]
[Site "Germany"]
[Date "1999.??.??"]
[Round "?"]
[White "Prosch, Carsten"]
[Black "Dietz, Juergen"]
[Result "1/2-1/2"]
[WhiteElo "2090"]
[BlackElo "2275"]
[PlyCount "43"]
[EventDate "1998.10.??"]
[EventType "team"]
[EventRounds "9"]
[EventCountry "GER"]
[SourceTitle "EXT 2000"]
[Source "ChessBase"]
[SourceDate "1999.11.16"]
[SourceVersion "1"]
[SourceVersionDate "1999.11.16"]
[SourceQuality "1"]

1. d4 f5 2. c4 Nf6 3. Nc3 g6 4. g3 Bg7 5. Bg2 0-0 6. Nh3 e6 7. 0-0 d6 8. Nf4 c6 9. Nd3 Qe7 10. Re1 Ne4 11. e3 Nxc3 12. bxc3 e5 13. c5 dxc5 14. Nxc5 b6 15. Nb3 Rd8 16. e4 a5 17. a4 Be6 18. Ba3 Qf7 19. d5 cxd5 20. exd5 Bc8 21. c4 Ra7 22. Rc1 1/2-1/2

[Event "Mecklenburg VP-ch MT"]
[Site "Diedrichshagen"]
[Date "1998.04.12"]
[Round "9.2"]
[White "Reyer, Ulli"]
[Black "Prosch, Carsten"]
[Result "1/2-1/2"]
[WhiteElo "2150"]
[BlackElo "2090"]
[PlyCount "98"]
[EventDate "1998.04.08"]
[EventType "tourn"]
[EventRounds "9"]
[EventCountry "GER"]
[SourceTitle "EXT 2022"]
[Source "ChessBase"]
[SourceDate "2021.10.06"]
[SourceVersion "1"]
[SourceVersionDate "2021.10.06"]
[SourceQuality "1"]

1. e4 c6 2. d4 d5 3. Nc3 dxe4 4. Nxe4 Nd7 5. Nf3 Ngf6 6. Ng3 e6 7. Be2 c5 8. 0-0 cxd4 9. Nxd4 Bc5 10. Nb3 Be7 11. c3 0-0 12. Qc2 Qc7 13. Bd2 b6 14. Bf3 Bb7 15. Bxb7 Qxb7 16. Rad1 Rac8 17. Rfe1 Rfd8 18. Ne4 Nxe4 19. Rxe4 Nc5 20. Ree1 Qa6 21. Nxc5 Rxc5 22. Be3 Rcd5 23. Rxd5 Rxd5 24. c4 Rd8 25. a4 Qc8 26. b3 Qd7 27. Kf1 Bc5 28. Ke2 Bxe3 29. fxe3 Qc6 30. Kf2 Qd6 31. g3 a5 32. Ke2 Qc6 33. Kf2 h5 34. Rd1 Rd6 35. Rxd6 Qxd6 36. Ke2 Kf8 37. Qc3 g6 38. Qd4 Ke7 39. Kd3 Qb4 40. Kc2 Qc5 41. Kd3 Qb4 42. Kc2 Qd6 43. Kd3 f5 44. Kc3 e5 45. Qh4+ Kf7 46. Qg5 Qd1 47. h4 Qa1+ 48. Kc2 Qa2+ 49. Kc3 Qa1+ 1/2-1/2

[Event "Mecklenburg VP-ch MT"]
[Site "Diedrichshagen"]
[Date "1998.04.08"]
[Round "2.5"]
[White "Von Rahden, Arvid"]
[Black "Prosch, Carsten"]
[Result "1-0"]
[WhiteElo "2057"]
[BlackElo "2090"]
[PlyCount "89"]
[EventDate "1998.04.08"]
[EventType "tourn"]
[EventRounds "9"]
[EventCountry "GER"]
[SourceTitle "EXT 2022"]
[Source "ChessBase"]
[SourceDate "2021.10.06"]
[SourceVersion "1"]
[SourceVersionDate "2021.10.06"]
[SourceQuality "1"]

1. e4 c6 2. d4 d5 3. Nd2 dxe4 4. Nxe4 Nd7 5. Nf3 Ngf6 6. Nxf6+ Nxf6 7. c3 Bf5 8. Ne5 e6 9. g4 Qd5 10. Rg1 Bg6 11. Bg2 Qa5 12. h4 h5 13. Nxg6 fxg6 14. g5 Nd7 15. Bf4 0-0-0 16. Qb3 e5 17. dxe5 Nc5 18. Bh3+ Kb8 19. Qf7 Nd3+ 20. Kf1 Nxf4 21. Qxf4 Bc5 22. e6+ Ka8 23. Qc4 Qb6 24. Kg2 Rd2 25. Rgf1 Rf8 26. Rad1 Rfxf2+ 27. Rxf2 Rxf2+ 28. Kh1 Qc7 29. Bg2 Bb6 30. Qd3 Rf4 31. Qg3 a6 32. e7 Rf1+ 33. Rxf1 Qxg3 34. e8Q+ Ka7 35. Qe6 Qxh4+ 36. Qh3 Qxg5 37. b4 Qd2 38. a4 a5 39. Qh4 Qxc3 40. b5 cxb5 41. Qe4 Qc8 42. Rf7 Qc1+ 43. Bf1 Qc8 44. axb5 g5 45. Qc6 1-0

[Event "Mecklenburg VP-ch MT"]
[Site "Nakenstorf"]
[Date "1997.03.30"]
[Round "9.8"]
[White "Westphal, Wolfgang"]
[Black "Prosch, Carsten"]
[Result "1/2-1/2"]
[WhiteElo "2143"]
[BlackElo "2088"]
[PlyCount "106"]
[EventDate "1997.03.26"]
[EventType "swiss"]
[EventRounds "9"]
[EventCountry "GER"]
[SourceTitle "EXT 2022"]
[Source "ChessBase"]
[SourceDate "2021.10.06"]
[SourceVersion "1"]
[SourceVersionDate "2021.10.06"]
[SourceQuality "1"]

1. e4 Nf6 2. e5 Nd5 3. d4 d6 4. exd6 exd6 5. Bc4 Nb6 6. Bd3 Nc6 7. c3 Be7 8. Ne2 Bg4 9. Qc2 Nd5 10. 0-0 Bh5 11. Qb3 Nb6 12. Nf4 Bg6 13. Nxg6 hxg6 14. Bf4 Qd7 15. Nd2 d5 16. Rfe1 0-0-0 17. Nf3 Qg4 18. Bg3 Bd6 19. Qd1 Bxg3 20. fxg3 Nd7 21. Qd2 Rde8 22. Qg5 Qxg5 23. Nxg5 Nd8 24. Kf2 Nf6 25. h3 Kd7 26. g4 Rxe1 27. Rxe1 Re8 28. Rxe8 Kxe8 29. Ke3 Ke7 30. b3 Ne8 31. Nf3 Ne6 32. c4 c6 33. Ne5 g5 34. g3 N8c7 35. h4 Ne8 36. h5 Nf6 37. Bf5 Ne8 38. Nf3 N8c7 39. Ne5 Ne8 40. Bd3 N8c7 41. Be2 Ne8 42. Bf3 N8c7 43. Nd3 a5 44. cxd5 Nxd5+ 45. Bxd5 cxd5 46. Ne5 f6 47. Nf3 Nd8 48. Kd3 Nf7 49. Nh2 Nd6 50. Nf1 Ne4 51. Ne3 Ke6 52. Nf5 Kf7 53. Ke3 b6 1/2-1/2

[Event "Mecklenburg VP-ch MT"]
[Site "Nakenstorf"]
[Date "1997.03.29"]
[Round "7.9"]
[White "Prosch, Carsten"]
[Black "Schwetlick, Thomas"]
[Result "1-0"]
[WhiteElo "2088"]
[BlackElo "1896"]
[PlyCount "39"]
[EventDate "1997.03.26"]
[EventType "swiss"]
[EventRounds "9"]
[EventCountry "GER"]
[SourceTitle "EXT 2022"]
[Source "ChessBase"]
[SourceDate "2021.10.06"]
[SourceVersion "1"]
[SourceVersionDate "2021.10.06"]
[SourceQuality "1"]

1. e4 e5 2. Nf3 Nc6 3. d3 Nf6 4. Nbd2 Bc5 5. h3 d5 6. Be2 0-0 7. 0-0 Qd6 8. c3 dxe4 9. dxe4 a5 10. Qc2 Qe7 11. Nc4 Nh5 12. Ne3 Nf4 13. Nd5 Nxd5 14. exd5 Nb8 15. Bd3 f5 16. Bg5 Qd6 17. Bc4 h6 18. Be7 Qb6 19. d6+ Rf7 20. Nxe5 1-0